Artists by Song - Statistics

General Stats
  • This quiz has been taken 31 times
  • The average score is 7 of 15
Answer Stats
Songs Artist % Correct
Last Christmas | Everything She Wants Wham!
84%
If I Were a Boy | Halo Beyonce
74%
Save Your Tears | Starboy The Weeknd
71%
Gimme Shelter | Start Me Up The Rolling Stones
55%
The Lazy Song | Runaway Baby Bruno Mars
52%
Centuries | The Phoenix Fall Out Boy
48%
Land of Confusion | Invisible Touch Genesis
48%
Fantasy | Hero Mariah Carey
39%
The Unforgiven | For Whom the Bell Tolls Metallica
39%
Fast Car | Ain't No Love in Oklahoma Luke Combs
32%
Lose You to Love Me | Same Old Love Selena Gomez
32%
Gasoline | Without Me Halsey
29%
You're No Good | Blue Bayou Linda Ronstadt
23%
Walking on a Dream | Alive Empire of the Sun
19%
All Through the Night | Money Changes Everything Cyndi Lauper
10%
No matching quizzes found
Score Distribution
Percent of People with Each Score
Percentile by Number Answered
Your Score History
You have not taken this quiz